[Event "28th Hoogeveen op"]
[Site "Hoogeveen NED"]
[Date "2025.10.19"]
[Round "2.22"]
[White "Lind, Jacco"]
[Black "Bakija, Alan"]
[Result "0-1"]
[WhiteElo "2045"]
[BlackElo "2082"]
[EventDate "2025.10.18"]
[PlyCount "123"]

1.d4 d5 2.c4 e6 3.Nc3 c5 4.cxd5 exd5 5.Nf3 Nf6 6.Bg5 Be6 7.e3 c4 8.Be2 Bb4
9.Qa4+ Nc6 10.Ne5 Qa5 11.Qxa5 Bxa5 12.O-O Nxe5 13.dxe5 Bxc3 14.bxc3 Ne4 
15.Bh4 g5 16.Bg3 Nxc3 17.Bf3 g4 18.Bd1 b5 19.f3 gxf3 20.Bxf3 a5 21.Be1 Na4
22.Bd1 Nc5 23.a3 Kd7 24.Bc2 h5 25.Rd1 Kc6 26.Rf4 Rhb8 27.e4 dxe4 28.Rd6+ 
Kc7 29.Bxe4 Nxe4 30.Rxe4 b4 31.axb4 axb4 32.Rxe6 fxe6 33.Rxc4+ Kd7 34.Rxb4
Rxb4 35.Bxb4 Kc6 36.Be7 Kd5 37.Bf6 Ke4 38.Kf2 Kf4 39.Ke2 Kg4 40.Kf2 h4 41.
Ke2 Ra2+ 42.Kf1 Ra1+ 43.Kf2 Rb1 44.Bg7 Rh1 45.h3+ Kf4 46.Bf6 Ra1 47.Bxh4 
Ra2+ 48.Kf1 Kxe5 49.Bf2 Kf4 50.Bc5 e5 51.Bd6 Rd2 52.Bc7 Ke3 53.Bb6+ Kd3 
54.Ba5 Ra2 55.Be1 e4 56.h4 e3 57.h5 Ke4 58.Bc3 Rf2+ 59.Kg1 Rf5 60.h6 Rh5 
61.Bg7 e2 62.Kf2 0-1

[Event "28th Hoogeveen op"]
[Site "Hoogeveen NED"]
[Date "2025.10.19"]
[Round "2.23"]
[White "Albin, Sajan"]
[Black "Nigmatov, Ortik"]
[Result "0-1"]
[WhiteElo "2101"]
[BlackElo "2485"]
[EventDate "2025.10.18"]
[PlyCount "102"]

1.d4 Nf6 2.c4 d6 3.Nc3 Bf5 4.f3 e5 5.dxe5 dxe5 6.Qxd8+ Kxd8 7.e4 Be6 8.Be3
c6 9.O-O-O+ Kc7 10.b3 Ba3+ 11.Kb1 Na6 12.Bd3 Nc5 13.Nge2 a5 14.Bc2 Ra6 15.
Bc1 Bxc1 16.Nxc1 h5 17.h4 Nfd7 18.a4 Rh6 19.Ka2 Ra8 20.Rd2 Na6 21.Nd3 f6 
22.Ka3 Ndc5 23.Nxc5 Nxc5 24.Rhd1 Rg6 25.Rf2 Rg8 26.Rdd2 Rh6 27.Nd1 Bc8 28.
f4 exf4 29.Rxf4 Re8 30.Ne3 Re5 31.Nf5 Rg6 32.Rdf2 Bxf5 33.Rxf5 Rxf5 34.
Rxf5 Kb6 35.e5 fxe5 36.Rxe5 Rxg2 37.Bb1 Rg3 38.Ba2 g6 39.Re2 Rg4 40.Bb1 
Rxh4 41.Bxg6 Rh3 42.Bc2 h4 43.Rg2 Rg3 44.Rh2 h3 45.Kb2 Ne6 46.Ka3 Rg2 47.
Rxh3 Rxc2 48.Rg3 Re2 49.Rh3 Nd4 50.Rh7 Re3 51.c5+ Ka7 0-1

[Event "28th Hoogeveen op"]
[Site "Hoogeveen NED"]
[Date "2025.10.19"]
[Round "2.24"]
[White "Van Helvoort, Rob"]
[Black "Maris, Ivo"]
[Result "0-1"]
[WhiteElo "2095"]
[BlackElo "2389"]
[EventDate "2025.10.18"]
[PlyCount "104"]

1.e4 g6 2.d4 Bg7 3.Nc3 a6 4.f4 d6 5.Nf3 b5 6.Bd3 Nd7 7.a4 b4 8.Ne2 c5 9.c3
cxd4 10.cxd4 a5 11.O-O Qb6 12.Kh1 Bb7 13.e5 e6 14.Ng3 Ne7 15.Be4 h5 16.Nh4
O-O-O 17.Bxb7+ Qxb7 18.exd6 Nd5 19.Ne4 N7f6 20.Nc5 Qa7 21.Nf3 Rxd6 22.Ne5 
Ng4 23.Qe2 Kb8 24.Bd2 Nh6 25.Rac1 Nf5 26.Nb3 Bxe5 27.fxe5 Qa6 28.Qf2 Rb6 
29.Nc5 Qa7 30.Kg1 Rc8 31.Nb3 Rbc6 32.Rxc6 Rxc6 33.Rc1 Qc7 34.Nc5 Kc8 35.h3
h4 36.Bg5 Nb6 37.Rd1 Nd7 38.Nxd7 Qxd7 39.Bxh4 Rc4 40.Qe2 Qc6 41.Bf2 Rc2 
42.Rd2 b3 43.d5 exd5 44.g4 Qc4 45.Qd3 Ne7 46.Bh4 Rxd2 47.Qxd2 Nc6 48.Bf6 
Qc2 49.Qxd5 Qc1+ 50.Kg2 Qxb2+ 51.Kf3 Qc3+ 52.Ke4 b2 0-1

[Event "28th Hoogeveen op"]
[Site "Hoogeveen NED"]
[Date "2025.10.19"]
[Round "2.25"]
[White "Mostertman, Milan"]
[Black "Van de Pavoordt, Max"]
[Result "1-0"]
[WhiteElo "2236"]
[BlackElo "2098"]
[EventDate "2025.10.18"]
[PlyCount "67"]

1.e4 e6 2.d4 d5 3.Bd3 dxe4 4.Bxe4 Nf6 5.Bf3 c5 6.Ne2 Nc6 7.Be3 Nd5 8.Bxd5 
Qxd5 9.Nbc3 Qc4 10.dxc5 Be7 11.Qd3 Ne5 12.Qe4 Qxe4 13.Nxe4 O-O 14.Bf4 Nc6 
15.Bd6 b6 16.Bxe7 Nxe7 17.cxb6 axb6 18.N2c3 Bb7 19.O-O Ra5 20.Rfd1 Nf5 21.
Nd6 Ba8 22.Nxf5 Rxf5 23.f3 g5 24.Rd6 b5 25.a3 h5 26.Rad1 g4 27.fxg4 hxg4 
28.Rb6 g3 29.hxg3 Rg5 30.Rd3 Kg7 31.Rxb5 f5 32.Ne2 Be4 33.Rd7+ Kf6 34.Rb6 
1-0

[Event "28th Hoogeveen op"]
[Site "Hoogeveen NED"]
[Date "2025.10.19"]
[Round "2.26"]
[White "Labruyere, Roger"]
[Black "Vistisen, Lars"]
[Result "0-1"]
[WhiteElo "2205"]
[BlackElo "2073"]
[EventDate "2025.10.18"]
[PlyCount "130"]

1.e4 e5 2.Nf3 Nc6 3.Bb5 g6 4.Nc3 Bg7 5.O-O Nge7 6.Re1 O-O 7.d3 a6 8.Bxc6 
Nxc6 9.Nd5 h6 10.Be3 Ne7 11.c4 d6 12.Qd2 Kh7 13.d4 Bg4 14.dxe5 Nxd5 15.
cxd5 Bxf3 16.gxf3 Bxe5 17.Bxh6 Rh8 18.Bf4 Qf6 19.Bxe5 dxe5 20.f4 exf4 21.
f3 Rae8 22.Rac1 Re5 23.Re2 Rd8 24.Rd1 Rd6 25.Rg2 c6 26.Rg4 Rg5 27.Rxg5 
Qxg5+ 28.Kh1 cxd5 29.exd5 Qe5 30.Kg2 Kg7 31.Kf1 g5 32.b3 b5 33.Kf2 f5 34.
h3 Kg6 35.Qd3 Kh5 36.Rd2 Kh4 37.Rd1 Kh5 38.Qd2 Kg6 39.Kg2 Kf6 40.a3 Kg6 
41.b4 Kh5 42.Kf1 Qe3 43.Qxe3 fxe3 44.f4 g4 45.Ke2 gxh3 46.Kxe3 Kg4 47.Rg1+
Kh4 48.Kd4 h2 49.Rc1 Rg6 50.Rh1 Rg2 51.Ke5 Kg4 52.d6 Re2+ 53.Kf6 Rd2 54.
Ke5 Kg3 55.Kxf5 Rxd6 56.Ke5 Rd3 57.Rc1 Re3+ 58.Kd5 Kxf4 59.Kc6 Rc3+ 60.
Rxc3 h1=Q+ 61.Kb6 Qa1 62.Rd3 Ke4 63.Rh3 Qf6+ 64.Kb7 Qe7+ 65.Kb8 Qd8+ 0-1

[Event "28th Hoogeveen op"]
[Site "Hoogeveen NED"]
[Date "2025.10.19"]
[Round "2.27"]
[White "De Wit, Evan"]
[Black "Moghe, Parth"]
[Result "1-0"]
[WhiteElo "2069"]
[BlackElo "2199"]
[EventDate "2025.10.18"]
[PlyCount "129"]

1.d4 d6 2.e4 c6 3.Nc3 Nf6 4.f4 Qc7 5.e5 Nd5 6.Nxd5 cxd5 7.Bd3 g6 8.Nf3 Bg7
9.O-O Nc6 10.c3 O-O 11.Qb3 dxe5 12.fxe5 Rd8 13.Bf4 Be6 14.Rf2 Qd7 15.Ng5 
b6 16.Bd2 f6 17.exf6 exf6 18.Nxe6 Qxe6 19.Re1 Qf7 20.Rfe2 Bf8 21.Rf2 Na5 
22.Qc2 Re8 23.Ref1 Re6 24.b3 Rd8 25.Be2 Qe7 26.Bg4 f5 27.Bf3 h5 28.Kh1 Bg7
29.Qd3 Qd6 30.Rc1 Rde8 31.Rff1 R6e7 32.Qb5 Rd7 33.Rce1 Rc8 34.Re2 Qc6 35.
Qd3 Rd6 36.Rfe1 Rf8 37.Bf4 Rdf6 38.Bg5 Qd6 39.Bxf6 Rxf6 40.Qb5 Kh7 41.Qxd5
Qf4 42.Qd7 Kh6 43.Qe8 Qc7 44.c4 Rf8 45.Qe3+ f4 46.Qd3 Bf6 47.Re6 Nb7 48.
Bxb7 Qxb7 49.Qe4 Qc7 50.d5 Kg7 51.d6 Qc5 52.d7 Qc7 53.Rd1 Rd8 54.Qd5 Qc5 
55.Qxc5 bxc5 56.Re8 Kf7 57.Rxd8 Bxd8 58.Rd5 Ke6 59.Kg1 g5 60.Kf1 h4 61.h3 
a6 62.Ke2 a5 63.Kf3 Ke7 64.Rxg5 Kxd7 65.Rxc5 1-0

[Event "28th Hoogeveen op"]
[Site "Hoogeveen NED"]
[Date "2025.10.19"]
[Round "2.28"]
[White "Grooten, Herman"]
[Black "Abel, Sajan"]
[Result "0-1"]
[WhiteElo "2183"]
[BlackElo "2046"]
[EventDate "2025.10.18"]
[PlyCount "88"]

1.d4 Nf6 2.c4 g6 3.Nc3 d5 4.Bg5 Bg7 5.Bxf6 Bxf6 6.cxd5 c5 7.dxc5 Nd7 8.Rc1
Nxc5 9.e3 O-O 10.Bc4 b5 11.Bxb5 Qa5 12.Ne2 Rb8 13.a3 Rxb5 14.b4 Qxa3 15.
Nxb5 Qxb4+ 16.Nbc3 Ba6 17.O-O Bxc3 18.Nxc3 Bxf1 19.Kxf1 Nb3 20.Rc2 Rc8 21.
Ne2 Rxc2 22.Qxc2 Nd2+ 23.Kg1 Ne4 24.Qc1 a5 25.f3 Nd6 26.Nd4 Nc4 27.Kf2 Qc5
28.Nc6 e6 29.Nxa5 Qxa5 30.Qxc4 Qxd5 31.Qxd5 exd5 32.g4 f6 33.h4 h6 34.Ke2 
Kf7 35.Kd3 Ke6 36.Kd4 h5 37.Kc5 g5 38.hxg5 h4 39.gxf6 h3 40.f7 Kxf7 41.
Kxd5 h2 42.Ke5 h1=Q 43.f4 Qf3 44.e4 Qxg4 0-1

[Event "28th Hoogeveen op"]
[Site "Hoogeveen NED"]
[Date "2025.10.19"]
[Round "2.29"]
[White "Aravindhan, Achyuth"]
[Black "Westerlaan, Sander"]
[Result "0-1"]
[WhiteElo "2144"]
[BlackElo "2034"]
[EventDate "2025.10.18"]
[PlyCount "52"]

1.e4 c5 2.Nf3 Nc6 3.d4 cxd4 4.Nxd4 e5 5.Nb5 d6 6.c4 Be6 7.N5c3 Rc8 8.Bd3 
g6 9.O-O Bg7 10.Nd5 Nf6 11.Nbc3 O-O 12.Bg5 h6 13.Nxf6+ Bxf6 14.Bxh6 Bg7 
15.Bxg7 Kxg7 16.Qd2 Rh8 17.g3 Bh3 18.Rfd1 Nd4 19.Be2 Rxc4 20.Qd3 Be6 21.
Nd5 Bxd5 22.exd5 Rc5 23.Bf3 Rc2 24.Bg2 Qb6 25.b3 Rhc8 26.Rd2 R8c3 0-1

[Event "28th Hoogeveen op"]
[Site "Hoogeveen NED"]
[Date "2025.10.19"]
[Round "2.30"]
[White "Xue, Luka"]
[Black "Mellema, Andries"]
[Result "1-0"]
[WhiteElo "2031"]
[BlackElo "2142"]
[EventDate "2025.10.18"]
[PlyCount "64"]

1.d4 Nf6 2.c4 c5 3.d5 b5 4.cxb5 a6 5.bxa6 g6 6.Nc3 Bxa6 7.e4 Bxf1 8.Kxf1 
d6 9.Nf3 Bg7 10.g3 Nbd7 11.Kg2 O-O 12.a4 Qb6 13.Qe2 Rfb8 14.Nb5 Ne8 15.Bg5
Nc7 16.Bxe7 Nxb5 17.Qxb5 Ne5 18.Qxb6 Rxb6 19.Nxe5 Bxe5 20.f4 Rxb2+ 21.Kh3 
Rb7 22.fxe5 Rxe7 23.exd6 Rxe4 24.a5 Rd4 25.a6 Kf8 26.a7 Ke8 27.Rhc1 Kd7 
28.Rxc5 Kxd6 29.Rb5 Kc7 30.Rc1+ Kd7 31.Rb7+ Kd6 32.Ra1 Kxd5 1-0

[Event "28th Hoogeveen op"]
[Site "Hoogeveen NED"]
[Date "2025.10.19"]
[Round "2.31"]
[White "Xu, Alex"]
[Black "Winter, Sven"]
[Result "0-1"]
[WhiteElo "2027"]
[BlackElo "2119"]
[EventDate "2025.10.18"]
[PlyCount "114"]

1.e4 c6 2.d4 d5 3.f3 e5 4.dxe5 Bc5 5.Nc3 Qb6 6.Na4 Bf2+ 7.Ke2 Qd4 8.Qxd4 
Bxd4 9.f4 dxe4 10.Be3 Bxe3 11.Kxe3 f6 12.Kxe4 Nd7 13.exf6 Ndxf6+ 14.Kf3 
Bg4+ 15.Kg3 O-O-O 16.Bd3 Nh6 17.h3 Bf5 18.Kh2 Bxd3 19.cxd3 Rd5 20.d4 Rxd4 
21.Nf3 Rd3 22.Nc3 Re8 23.Rhe1 Nh5 24.Re3 Rexe3 25.Rd1 Re1 26.Rxe1 Nxf4 27.
Re8+ Rd8 28.Rxd8+ Kxd8 29.Ng5 Ke7 30.Nce4 Nd3 31.b3 Nc1 32.Nc3 b5 33.b4 
Nd3 34.a3 Nf7 35.Nf3 Nd6 36.Nd4 Kd7 37.Kg3 Nc4 38.Nc2 Kd6 39.Kf3 Ke5 40.g3
h5 41.Ne2 g5 42.g4 h4 43.Ncd4 Kd5 44.Nc2 Nde5+ 45.Kf2 Ke4 46.Nc1 a6 47.Ke2
Nf3 48.Kf2 Nd4 49.Nxd4 Kxd4 50.Nb3+ Kd5 51.Ke2 Nxa3 52.Kd3 Nc4 53.Nc5 a5 
54.Ne4 Nb2+ 55.Ke3 a4 56.Nxg5 a3 57.Ne4 Nd1+ 0-1

[Event "28th Hoogeveen op"]
[Site "Hoogeveen NED"]
[Date "2025.10.19"]
[Round "2.32"]
[White "Boeren, Jurriaan"]
[Black "Van der Lubben, Arno"]
[Result "1-0"]
[WhiteElo "2112"]
[BlackElo "2005"]
[EventDate "2025.10.18"]
[PlyCount "79"]

1.e4 e5 2.Nf3 Nc6 3.Bb5 a6 4.Ba4 Nf6 5.O-O Be7 6.Re1 b5 7.Bb3 O-O 8.a4 d5 
9.axb5 dxe4 10.bxc6 exf3 11.Qxf3 e4 12.Qe2 Re8 13.h3 Bd6 14.Nc3 Re5 15.Ra4
Bxh3 16.Nxe4 Bg4 17.Qe3 Be6 18.Bxe6 Rxe6 19.Qf3 Nd5 20.d3 Nb4 21.Bd2 Nxc6 
22.Nxd6 Rxe1+ 23.Bxe1 Qxd6 24.Bc3 a5 25.Rc4 Ra6 26.Qg4 Qf8 27.Bxg7 f5 28.
Bxf8+ fxg4 29.Ba3 h5 30.Rc5 Kf7 31.Rxh5 Kg6 32.Rc5 Nd4 33.Rc4 Ne6 34.Rxg4+
Kf5 35.Rc4 Ra8 36.Bc5 Rb8 37.b3 Rb5 38.Be3 Ke5 39.g4 c5 40.Bxc5 1-0

[Event "28th Hoogeveen op"]
[Site "Hoogeveen NED"]
[Date "2025.10.19"]
[Round "2.33"]
[White "Stefan, Iulia-Cristiana"]
[Black "Yekeler, Kerem Sarp"]
[Result "1-0"]
[WhiteElo "1997"]
[BlackElo "2112"]
[EventDate "2025.10.18"]
[PlyCount "131"]

1.d4 Nf6 2.Nf3 e6 3.Bg5 Be7 4.Nbd2 c5 5.e3 cxd4 6.exd4 Nc6 7.c3 O-O 8.Bd3 
b6 9.Bxf6 Bxf6 10.Qe2 Bb7 11.h4 Re8 12.O-O-O Qc7 13.Kb1 d5 14.Bc2 e5 15.
dxe5 Nxe5 16.Nxe5 Rxe5 17.Qd3 g6 18.h5 Rae8 19.hxg6 hxg6 20.Qh3 Bg7 21.
Qh7+ Kf8 22.f4 Re3 23.f5 Rxc3 24.f6 Bxf6 25.Bxg6 Rg3 26.Rc1 Qd7 27.Bf5 Qe7
28.Qh6+ Bg7 29.Qf4 Qe5 30.Qb4+ Qe7 31.Qf4 Be5 32.Qh6+ Rg7 33.Qh8+ Rg8 34.
Qh6+ Bg7 35.Qf4 a5 36.Rc7 Qf6 37.Rc2 Ba6 38.Qc7 Bh6 39.g4 Re7 40.Qh2 Be3 
41.Qb8+ Re8 42.Qa7 b5 43.Qc7 Bb6 44.Qc6 Qxc6 45.Rxc6 Rb8 46.Nf3 b4 47.Ne5 
Bb5 48.Nd7+ Ke7 49.Re1+ Kd8 50.Rxb6 Bd3+ 51.Bxd3 Kxd7 52.Bf5+ Kc7 53.Rxb8 
Rxb8 54.Re7+ Kd6 55.Rxf7 Ke5 56.g5 Rh8 57.b3 Rh1+ 58.Kb2 Rh2+ 59.Bc2 d4 
60.Rd7 Rg2 61.g6 Rg3 62.g7 Rg2 63.Kc1 Kf6 64.Bh7 Rxg7 65.Rxg7 Kxg7 66.Be4 
1-0

[Event "28th Hoogeveen op"]
[Site "Hoogeveen NED"]
[Date "2025.10.19"]
[Round "2.34"]
[White "Gergin, Isafara"]
[Black "Mijnheer, Peter"]
[Result "0-1"]
[WhiteElo "1984"]
[BlackElo "2104"]
[EventDate "2025.10.18"]
[PlyCount "78"]

1.e4 e6 2.d4 d5 3.Nd2 Nf6 4.e5 Nfd7 5.Bd3 c5 6.c3 Nc6 7.Qg4 cxd4 8.cxd4 
Qa5 9.Ne2 Qa4 10.h3 h5 11.Qf4 Nb4 12.Bb1 Nc2+ 13.Bxc2 Qxc2 14.O-O b6 15.
Nc3 Ba6 16.Re1 Bb4 17.Re3 Rc8 18.Qg3 g6 19.Nb3 h4 20.Qf3 Rh5 21.Bd2 Rf5 
22.Qg4 Bc4 23.Rc1 Qxb2 24.Na4 Qxa2 25.Ra1 Qxa1+ 26.Nxa1 Bxd2 27.Ra3 Be1 
28.f4 Bb4 29.Nxb6 axb6 30.Ra7 Be1 31.Nc2 Bg3 32.Ne3 Rxf4 33.Qd1 Bf2+ 34.
Kh2 Bxe3 35.Qa4 Rd8 36.Qc6 Bxd4 37.Ra8 Bxe5 38.Rxd8+ Kxd8 39.Qa8+ Ke7 0-1

[Event "28th Hoogeveen op"]
[Site "Hoogeveen NED"]
[Date "2025.10.20"]
[Round "3.1"]
[White "De Boer, Eelke"]
[Black "Harikrishnan.A.Ra,"]
[Result "0-1"]
[WhiteElo "2456"]
[BlackElo "2534"]
[EventDate "2025.10.18"]
[PlyCount "150"]

1.e4 e6 2.d4 d5 3.e5 c5 4.c3 Nc6 5.Nf3 Nge7 6.Na3 Bd7 7.Be2 Nf5 8.Nc2 cxd4
9.cxd4 Nb4 10.O-O Nxc2 11.Qxc2 Qb6 12.Qd3 Be7 13.Bd2 h5 14.Rad1 Rc8 15.Bc3
g5 16.Qd2 g4 17.Ne1 Bb5 18.Nc2 Bxe2 19.Qxe2 Rc6 20.Ne3 Nh4 21.Rd3 Qa6 22.
a3 Bg5 23.Rfd1 Qa4 24.Qe1 Rg8 25.Bb4 Kd7 26.Rc1 Rxc1 27.Qxc1 Rc8 28.Bc3 
Nf5 29.Qc2 Qxc2 30.Nxc2 h4 31.Kf1 Bf4 32.h3 g3 33.Rf3 Bd2 34.Ke2 Bc1 35.
Ne3 Nxe3 36.fxe3 Bxb2 37.Bxb2 Rc2+ 38.Kf1 Ke7 39.Rf4 Rxb2 40.Rxh4 Rf2+ 41.
Ke1 Rxg2 42.Rg4 b5 43.Rg8 a6 44.h4 Rh2 45.Rxg3 Rxh4 46.Kd2 Rh2+ 47.Kc3 a5 
48.Rf3 Re2 49.Kb3 Rg2 50.Kc3 Kf8 51.Kb3 Kg7 52.Kc3 Kg8 53.Kb3 Kf8 54.Kc3 
Kg7 55.Kb3 Rg6 56.Kc3 f6 57.Rf1 f5 58.Kd3 Rg3 59.Ke2 Kg6 60.Rb1 f4 61.exf4
Rxa3 62.Rxb5 Kf5 63.Rb6 a4 64.Rb8 Kxf4 65.Rf8+ Ke4 66.Rf6 Ra2+ 67.Kd1 a3 
68.Kc1 Ra1+ 69.Kc2 a2 70.Kb2 Rb1+ 71.Kxa2 Rb6 72.Rf1 Kxd4 73.Re1 Kc3 74.
Rc1+ Kd3 75.Ka3 d4 0-1

[Event "28th Hoogeveen op"]
[Site "Hoogeveen NED"]
[Date "2025.10.20"]
[Round "3.2"]
[White "Beerdsen, Thomas"]
[Black "Miezis, Normunds"]
[Result "1-0"]
[WhiteElo "2528"]
[BlackElo "2374"]
[EventDate "2025.10.18"]
[PlyCount "119"]

1.e4 c5 2.Nf3 e6 3.Nc3 a6 4.Be2 Nc6 5.d4 cxd4 6.Nxd4 Qc7 7.Nxc6 bxc6 8.Qd3
a5 9.Qg3 Qxg3 10.hxg3 Ba6 11.g4 e5 12.Be3 Ne7 13.Bxa6 Rxa6 14.O-O-O a4 15.
a3 f6 16.Rd3 Nc8 17.Rhd1 d6 18.Na2 Ra5 19.Nb4 c5 20.Nd5 Kf7 21.g5 Ne7 22.
Nb6 Nc6 23.Nc4 Ra7 24.Nxd6+ Bxd6 25.Rxd6 Nd4 26.c3 Nb3+ 27.Kc2 Ke7 28.Rc6 
Rb7 29.gxf6+ gxf6 30.Bxc5+ Nxc5 31.Rxc5 Rhb8 32.Rb1 h5 33.Ra5 Rd7 34.Rxa4 
Rbd8 35.Rh1 Rd2+ 36.Kc1 Kf7 37.Rd4 R8xd4 38.cxd4 Rxd4 39.Re1 h4 40.Kc2 Ke6
41.b4 Rd8 42.f3 Rg8 43.Re2 Rg3 44.Rf2 f5 45.Kd3 Rg8 46.exf5+ Kxf5 47.b5 
Ra8 48.Ra2 Ra4 49.b6 Ra6 50.Rb2 Rxa3+ 51.Kc4 Ra8 52.b7 Rb8 53.Kd5 Kf4 54.
Kc6 h3 55.gxh3 Kxf3 56.Kc7 Rh8 57.b8=Q Rxb8 58.Rxb8 e4 59.h4 Kg4 60.Re8 
1-0

[Event "28th Hoogeveen op"]
[Site "Hoogeveen NED"]
[Date "2025.10.20"]
[Round "3.3"]
[White "Schuricht, Emil Frederick"]
[Black "Abdisalimov, Abdimalik"]
[Result "0-1"]
[WhiteElo "2294"]
[BlackElo "2501"]
[EventDate "2025.10.18"]
[PlyCount "72"]

1.c4 e6 2.Nf3 d5 3.g3 dxc4 4.Qa4+ Nd7 5.Qxc4 a6 6.Qc2 b5 7.Bg2 Bb7 8.O-O 
Ngf6 9.d4 c5 10.dxc5 Bxc5 11.Bg5 Rc8 12.Qd1 Qb6 13.Bxf6 Nxf6 14.Ne5 Bxg2 
15.Kxg2 O-O 16.Nd3 Bd4 17.e3 Bxe3 18.Qe2 Nd5 19.Nc3 Nxc3 20.Qxe3 Qxe3 21.
fxe3 Rfd8 22.Nb4 Ne4 23.Rfd1 f5 24.Nxa6 Rc2+ 25.Kg1 Nd2 26.h3 Rd6 27.Nb4 
Rxb2 28.a3 Kf7 29.Rac1 Kf6 30.Nc2 Nf3+ 31.Kf2 Rxd1 32.Rxd1 Ng5 33.Rc1 
Nxh3+ 34.Ke2 Ng5 35.Kd3 Ne4 36.Nd4 Rd2# 0-1

[Event "28th Hoogeveen op"]
[Site "Hoogeveen NED"]
[Date "2025.10.20"]
[Round "3.5"]
[White "Harshavardhan, G. B."]
[Black "Dordevic, Tom"]
[Result "1-0"]
[WhiteElo "2476"]
[BlackElo "2224"]
[EventDate "2025.10.18"]
[PlyCount "134"]

1.d4 Nf6 2.Nf3 e6 3.Bg5 d5 4.e3 c5 5.Nbd2 Nc6 6.c3 Be7 7.Bd3 O-O 8.Ne5 
Nxe5 9.dxe5 Nd7 10.Bxe7 Qxe7 11.f4 f6 12.Qh5 g6 13.Qh4 Qg7 14.exf6 Qxf6 
15.Qxf6 Nxf6 16.Nf3 Ng4 17.Ke2 e5 18.fxe5 Re8 19.Rhd1 Bd7 20.Bc4 dxc4 21.
Rxd7 Nxe5 22.Nxe5 Rxe5 23.Rf1 Rae8 24.Rf3 R8e7 25.Rxe7 Rxe7 26.Rf4 b5 27.
Rf6 Rc7 28.e4 Kg7 29.Ra6 Kh6 30.Ke3 Kg5 31.a3 Rd7 32.Rc6 Rd3+ 33.Ke2 Kf4 
34.Rxc5 Kxe4 35.Rxb5 Re3+ 36.Kd2 Rd3+ 37.Kc1 Rd7 38.Rg5 Kd3 39.Rg4 Rd6 40.
h4 Rd5 41.a4 Rd6 42.Rf4 h5 43.g4 g5 44.hxg5 Ke3 45.Rf6 Rd5 46.gxh5 Rxg5 
47.Re6+ Kd3 48.Rd6+ Ke3 49.h6 Rh5 50.Kb1 Rh1+ 51.Ka2 a5 52.Rd4 Rxh6 53.
Rxc4 Rh5 54.Rd4 Rg5 55.Kb3 Rh5 56.Rd8 Rg5 57.Ka3 Rc5 58.Rb8 Rc7 59.Rb5 Ra7
60.b4 axb4+ 61.cxb4 Kd4 62.Rc5 Rh7 63.a5 Rh1 64.Ka4 Ra1+ 65.Kb5 Ra2 66.a6 
Ra1 67.Rc8 Kd5 1-0

[Event "28th Hoogeveen op"]
[Site "Hoogeveen NED"]
[Date "2025.10.20"]
[Round "3.6"]
[White "Weidenhoefer, Max"]
[Black "Chanda, Sandipan"]
[Result "0-1"]
[WhiteElo "2205"]
[BlackElo "2467"]
[EventDate "2025.10.18"]
[PlyCount "106"]

1.e4 e6 2.d4 d5 3.e5 c5 4.c3 Nc6 5.Nf3 Bd7 6.Be2 Nge7 7.Na3 cxd4 8.cxd4 
Nf5 9.Nc2 Be7 10.O-O O-O 11.Kh1 f6 12.g4 Nh6 13.exf6 Rxf6 14.g5 Rxf3 15.
Bxf3 Bxg5 16.Bg4 Bxc1 17.Rxc1 Qh4 18.f3 Rf8 19.Qe1 Qf6 20.Kg2 Kh8 21.Qe3 
Ne7 22.Qe5 Bb5 23.Qxe6 Bxf1+ 24.Rxf1 Qg5 25.Ne3 Nhf5 26.Nxf5 Nxf5 27.Kh1 
Nxd4 28.Qd6 Rd8 29.Qc7 Qh4 30.Rd1 h5 31.Rxd4 Re8 32.Qg3 Qxg3 33.hxg3 hxg4 
34.Rxg4 Re1+ 35.Kg2 Re2+ 36.Kh3 Rxb2 37.Ra4 a6 38.Kg4 d4 39.Kf4 d3 40.Ke3 
d2 41.Ke2 Kg8 42.Ra3 Kf8 43.Ra4 Ke7 44.Rg4 b5 45.a4 b4 46.Rxg7+ Kd6 47.
Rg6+ Kc5 48.Rxa6 b3 49.Ra5+ Kc4 50.Ra8 Ra2 51.Rc8+ Kd5 52.Rd8+ Ke6 53.Kd1 
Ra1+ 0-1

[Event "28th Hoogeveen op"]
[Site "Hoogeveen NED"]
[Date "2025.10.20"]
[Round "3.7"]
[White "Makhynia, Kostiantyn"]
[Black "Zwirs, Nico"]
[Result "1/2-1/2"]
[WhiteElo "1935"]
[BlackElo "2441"]
[EventDate "2025.10.18"]
[PlyCount "125"]

1.d4 d5 2.c4 e6 3.Nf3 Nf6 4.g3 Bb4+ 5.Bd2 Be7 6.Bg2 O-O 7.O-O c6 8.Qc2 
Nbd7 9.Rd1 a5 10.b3 b6 11.Nc3 Ba6 12.cxd5 cxd5 13.a4 Rc8 14.Qb2 Bb4 15.
Rdc1 Qe7 16.Ne1 e5 17.Nc2 exd4 18.Nxd4 Bc5 19.Be3 Qe5 20.Nf3 Qh5 21.Bd4 
Rfe8 22.Nb5 Ne4 23.e3 Ndf6 24.h3 Qf5 25.g4 Qd7 26.Ne5 Qe7 27.f4 h6 28.Bf3 
Nd7 29.Bxe4 Nxe5 30.Rxc5 bxc5 31.Bxe5 dxe4 32.Nd6 f6 33.Nxc8 Bxc8 34.Bc3 
h5 35.Qe2 hxg4 36.hxg4 Qf7 37.Kf2 Qxb3 38.Qa2 Qxa2+ 39.Rxa2 Be6 40.Rd2 Ra8
41.f5 Bb3 42.Kg3 Ra7 43.Kf4 Kf7 44.Rb2 c4 45.Rd2 Bxa4 46.Ra2 Bd1 47.Rxa5 
Rb7 48.Bd4 Be2 49.g5 fxg5+ 50.Kxg5 Rc7 51.Bc3 Bd3 52.Ra8 Rb7 53.Rc8 Bc2 
54.Bd4 Ba4 55.Rxc4 Bb5 56.Rc5 Bd7 57.Kf4 Rb5 58.Rxb5 Bxb5 59.Kxe4 g6 60.
fxg6+ Kxg6 61.Kd5 Bd3 62.e4 Bxe4+ 63.Kxe4 1/2-1/2

[Event "28th Hoogeveen op"]
[Site "Hoogeveen NED"]
[Date "2025.10.20"]
[Round "3.8"]
[White "Bakija, Alan"]
[Black "Korchynskyi, Mykola"]
[Result "0-1"]
[WhiteElo "2082"]
[BlackElo "2382"]
[EventDate "2025.10.18"]
[PlyCount "112"]

1.e4 c5 2.c3 e6 3.Nf3 d5 4.exd5 exd5 5.d4 Nf6 6.Bd3 c4 7.Bc2 Bd6 8.Qe2+ 
Qe7 9.Qxe7+ Bxe7 10.O-O Nc6 11.b3 b5 12.Re1 Be6 13.Ne5 Nxe5 14.dxe5 Nd7 
15.bxc4 dxc4 16.a3 Nc5 17.a4 b4 18.cxb4 Nb3 19.Bxb3 cxb3 20.Ba3 Rc8 21.Nd2
Rc2 22.Nf3 a5 23.Nd4 axb4 24.Bc1 b2 25.Nxc2 bxa1=Q 26.Nxa1 O-O 27.Nc2 Ra8 
28.Nd4 Bd5 29.Bb2 Rxa4 30.Ra1 Rxa1+ 31.Bxa1 Kf8 32.f4 Ke8 33.Kf2 Kd7 34.g3
g6 35.Ke3 Kc7 36.Bb2 Kb6 37.Kd3 Ka5 38.f5 gxf5 39.Nxf5 Bc5 40.Ne3 Be6 41.
g4 Ka4 42.g5 Kb3 43.Bd4 Bxd4 44.Kxd4 Ka2 45.h4 b3 46.Nf1 Kb2 47.Nd2 Kc2 
48.Ke3 b2 49.Ke2 Bf5 50.Ke3 Kc3 51.h5 Bd3 52.g6 hxg6 53.hxg6 Bxg6 54.Ke2 
b1=Q 55.Nxb1+ Bxb1 56.Ke3 Kc4 0-1

[Event "28th Hoogeveen op"]
[Site "Hoogeveen NED"]
[Date "2025.10.20"]
[Round "3.9"]
[White "Safin, Safarullakhan"]
[Black "De Jong, Migchiel"]
[Result "0-1"]
[WhiteElo "1915"]
[BlackElo "2258"]
[EventDate "2025.10.18"]
[PlyCount "68"]

1.e4 c5 2.Nf3 e6 3.d4 cxd4 4.Nxd4 a6 5.Bd3 Bc5 6.Nb3 Ba7 7.O-O Ne7 8.c4 
Nbc6 9.Nc3 O-O 10.Qe2 d6 11.Be3 e5 12.Bxa7 Rxa7 13.Rad1 Be6 14.Bb1 b5 15.
Nd5 a5 16.a4 Nb4 17.f4 Bxd5 18.exd5 exf4 19.Rxf4 Ng6 20.Bxg6 hxg6 21.Nd4 
Re7 22.Qf3 Qe8 23.Rf1 Re3 24.Qg4 Nd3 25.Ne6 Nxf4 26.Qxf4 Rxe6 27.dxe6 Qxe6
28.Qd4 Rc8 29.Qb6 Rxc4 30.Qxa5 Qe3+ 31.Kh1 Qf2 32.Rg1 Qxb2 33.Qd8+ Kh7 34.
Qxd6 Rxa4 0-1

[Event "28th Hoogeveen op"]
[Site "Hoogeveen NED"]
[Date "2025.10.20"]
[Round "3.10"]
[White "Kukushkin, Ivan"]
[Black "Humburg, Philipp"]
[Result "1/2-1/2"]
[WhiteElo "2211"]
[BlackElo "2204"]
[EventDate "2025.10.18"]
[PlyCount "109"]

1.e4 e5 2.Nf3 Nc6 3.Bb5 a6 4.Ba4 Nf6 5.O-O Be7 6.Bxc6 dxc6 7.d3 Nd7 8.Nbd2
O-O 9.Nc4 f6 10.Ne3 Nc5 11.Ne1 Bd6 12.g3 Bh3 13.N1g2 Qd7 14.Bd2 Rad8 15.
Nc4 Be7 16.Be3 g6 17.f3 Ne6 18.Nd2 Nd4 19.Nb3 Ne6 20.Rf2 f5 21.exf5 gxf5 
22.f4 e4 23.Rd2 Bg4 24.Qe1 exd3 25.Rxd3 Qc8 26.Rxd8 Rxd8 27.Bf2 Bf6 28.c3 
Qd7 29.Ne3 Bh3 30.Rd1 Qe8 31.Rxd8 Nxd8 32.Qd1 Ne6 33.Qd3 Kh8 34.Nd1 h6 35.
Qd2 b6 36.Be3 Bg4 37.Nf2 Bf3 38.Qd3 Ng7 39.Nd2 Bd5 40.c4 Bf7 41.b3 c5 42.
Nf3 Qe6 43.Bd2 Qd6 44.Qc2 Bh5 45.Ne5 Bxe5 46.fxe5 Qxe5 47.Bc3 Qe6 48.Qd3 
Kh7 49.Qd8 Ne8 50.Qh4 Bf3 51.Qf4 Bc6 52.h4 Nd6 53.Be5 Ne4 54.Nd3 Nd6 55.
Bb2 1/2-1/2

[Event "28th Hoogeveen op"]
[Site "Hoogeveen NED"]
[Date "2025.10.20"]
[Round "3.11"]
[White "Nigmatov, Ortik"]
[Black "De Wit, Evan"]
[Result "0-1"]
[WhiteElo "2485"]
[BlackElo "2069"]
[EventDate "2025.10.18"]
[PlyCount "80"]

1.Nf3 d5 2.e3 c5 3.c4 d4 4.exd4 cxd4 5.d3 Nc6 6.g3 Nf6 7.Bg2 e5 8.O-O Bd6 
9.Re1 O-O 10.Na3 Re8 11.Nc2 Bf5 12.h3 h6 13.g4 Be6 14.g5 hxg5 15.Nxg5 Bf5 
16.Qf3 Bg6 17.Qd1 Bf5 18.Rb1 a5 19.a3 a4 20.b4 axb3 21.Rxb3 Qc7 22.Bd2 Nd7
23.Nxf7 Nc5 24.Nxd6 Qxd6 25.Rb5 Nxd3 26.Rxb7 Qg6 27.Rf1 e4 28.Kh1 Rf8 29.
Rb6 Rab8 30.Rxc6 Qxc6 31.Nxd4 Qxc4 32.Nxf5 Rxf5 33.Be3 Rb2 34.Kg1 Ne5 35.
Qd6 Nf3+ 36.Bxf3 exf3 37.Rc1 Qf7 38.Bd4 Rb7 39.Kh2 Rd5 40.Rc8+ Kh7 0-1

[Event "28th Hoogeveen op"]
[Site "Hoogeveen NED"]
[Date "2025.10.20"]
[Round "3.12"]
[White "Maris, Ivo"]
[Black "Xue, Luka"]
[Result "1-0"]
[WhiteElo "2389"]
[BlackElo "2031"]
[EventDate "2025.10.18"]
[PlyCount "63"]

1.g3 d5 2.Bg2 Nf6 3.d3 e5 4.Nd2 Be6 5.Ngf3 Nc6 6.e4 dxe4 7.dxe4 Bc5 8.O-O 
O-O 9.Qe2 Qe7 10.c3 a5 11.a4 Rad8 12.Nc4 Bg4 13.h3 Bc8 14.Nh4 b6 15.Nf5 
Qe6 16.Nce3 g6 17.Nh6+ Kg7 18.Qf3 Ne7 19.Neg4 Nxg4 20.hxg4 Bb7 21.g5 f5 
22.gxf6+ Rxf6 23.Qe2 Rdf8 24.Ng4 Ba6 25.Bh6+ Kh8 26.Qxa6 Qxg4 27.Bxf8 Qxg3
28.Qe2 Rxf8 29.Rad1 Qh4 30.Rd3 g5 31.Rh3 Qf4 32.Rf3 1-0

[Event "28th Hoogeveen op"]
[Site "Hoogeveen NED"]
[Date "2025.10.20"]
[Round "3.13"]
[White "Vistisen, Lars"]
[Black "Bosboom, Manuel"]
[Result "1-0"]
[WhiteElo "2073"]
[BlackElo "2355"]
[EventDate "2025.10.18"]
[PlyCount "61"]

1.e4 b6 2.Nc3 Bb7 3.Bc4 e6 4.Qe2 Be7 5.d4 d5 6.exd5 exd5 7.Qf3 Nf6 8.Bg5 
c6 9.Bb3 O-O 10.Nge2 a5 11.O-O Ne4 12.Bxe7 Qxe7 13.Rad1 Re8 14.a3 Nd7 15.
Nxe4 dxe4 16.Qe3 Nf6 17.c4 Rad8 18.h3 b5 19.Rfe1 bxc4 20.Bxc4 Nd5 21.Qg3 
Rd6 22.Nf4 Rf6 23.Nd3 Rg6 24.Qh2 Qh4 25.Bxd5 cxd5 26.Re3 Bc8 27.Rc1 Qg5 
28.Rc5 Rf6 29.Rxa5 Rf8 30.Ne5 Rb6 31.b4 1-0